[Event "Ambelokipi op 161th"]
[Site "Athens"]
[Date "2017.12.21"]
[Round "7"]
[White "Sienczewski, Zbigniew"]
[Black "Delithanasis, Dimitrios"]
[Result "0-1"]
[WhiteElo "1948"]
[BlackElo "2017"]
[PlyCount "80"]
[EventDate "2017.12.??"]
[EventType "swiss"]
[EventRounds "7"]
[EventCountry "GRE"]
[SourceTitle "EXT 2024"]
[Source "ChessBase"]
[SourceDate "2023.10.10"]
[SourceVersion "1"]
[SourceVersionDate "2023.10.10"]
[SourceQuality "1"]

1. c4 g6 2. Nc3 c5 3. g3 Bg7 4. Bg2 Nc6 5. Nf3 e6 6. 0-0 Nge7 7. d3 0-0 8. Bd2 d5 9. Qc1 b6 10. Bh6 Bb7 11. Bxg7 Kxg7 12. b3 d4 13. Na4 Qd6 14. a3 Rab8 15. Rb1 Ne5 16. Nxe5 Qxe5 17. Bxb7 Rxb7 18. Qd2 f6 19. b4 cxb4 20. axb4 h5 21. Rbe1 Qd6 22. b5 h4 23. e4 dxe3 24. Rxe3 Nf5 25. Rf3 Nd4 26. Re3 Nf5 27. Rf3 Rd7 28. Re1 Nd4 29. Rfe3 e5 30. Nc3 Qe6 31. f4 Qg4 32. Nd5 Rxd5 33. cxd5 Nf3+ 34. Rxf3 Qxf3 35. fxe5 hxg3 36. d6 gxh2+ 37. Qxh2 Qg4+ 38. Qg2 Qd4+ 39. Qf2 Qxf2+ 40. Kxf2 fxe5+ 0-1

[Event "Athens Iraklion op 20th"]
[Site "Athens"]
[Date "2017.06.23"]
[Round "7"]
[White "Korniotis, Filippos"]
[Black "Sienczewski, Zbigniew"]
[Result "1/2-1/2"]
[WhiteElo "2143"]
[BlackElo "1911"]
[PlyCount "50"]
[EventDate "2017.06.17"]
[EventType "swiss"]
[EventRounds "9"]
[EventCountry "GRE"]
[SourceTitle "CBM 179 Extra"]
[Source "ChessBase"]
[SourceDate "2017.08.23"]
[SourceVersion "1"]
[SourceVersionDate "2017.08.23"]
[SourceQuality "1"]

1. d4 g6 2. e4 d6 3. Nc3 Nf6 4. f3 c6 5. Be3 Nbd7 6. Qd2 Qc7 7. Nh3 b5 8. Nf2 Bb7 9. Be2 a6 10. 0-0 c5 11. a4 b4 12. Ncd1 a5 13. b3 Bg7 14. Rc1 0-0 15. Bb5 cxd4 16. Bxd4 Nc5 17. Ne3 Ne6 18. Ba1 Qb6 19. Nc4 Qa7 20. c3 d5 21. exd5 Nxd5 22. cxb4 Bxa1 23. Rxa1 Nxb4 24. Kh1 Qd4 25. Qe2 Qh4 1/2-1/2

[Event "Athens ChessSquare Celebration op"]
[Site "Athens"]
[Date "2016.12.10"]
[Round "6"]
[White "Kalogeris, Ioannis"]
[Black "Sienczewski, Zbigniew"]
[Result "1-0"]
[WhiteElo "2302"]
[BlackElo "1948"]
[PlyCount "105"]
[EventDate "2016.11.05"]
[EventType "swiss"]
[EventRounds "7"]
[EventCountry "GRE"]
[SourceTitle "EXT 2024"]
[Source "ChessBase"]
[SourceDate "2023.10.10"]
[SourceVersion "1"]
[SourceVersionDate "2023.10.10"]
[SourceQuality "1"]

1. e4 d6 2. Bc4 Nf6 3. Nc3 g6 4. Nf3 Bg7 5. 0-0 0-0 6. Re1 c6 7. Bb3 a5 8. a4 Na6 9. d4 Nb4 10. h3 d5 11. Bg5 h6 12. Bh4 Be6 13. Ne5 Qc8 14. exd5 Bxd5 15. Nxd5 Nbxd5 16. Qf3 Qc7 17. Bg3 Qc8 18. Rad1 e6 19. c4 Nb4 20. Rd2 Nd7 21. Nd3 Nxd3 22. Rxd3 Nb6 23. Bd6 Rd8 24. Qg3 Ra6 25. Rf3 Qd7 26. c5 Nd5 27. Bc2 Qe8 28. h4 h5 29. Be5 Raa8 30. Bxg7 Kxg7 31. Qe5+ Kg8 32. Rg3 Kf8 33. Rf3 Kg8 34. Rg3 Kf8 35. Qg5 Rd7 36. Qh6+ Ke7 37. Bxg6 fxg6 38. Rxg6 Kd8 39. Rgxe6 Ne7 40. Rf6 Rxd4 41. Rf8 Kc7 42. Rxe8 Rxe8 43. Qxh5 Kd7 44. Qe5 Rd5 45. Qe6+ Kd8 46. h5 Rd7 47. h6 Rh8 48. Qf6 Rh7 49. g4 Kc7 50. Qf4+ Kc8 51. g5 b6 52. g6 Nxg6 53. Re8+ 1-0

[Event "Athens ChessSquare Autumn op"]
[Site "Athens"]
[Date "2016.09.24"]
[Round "3"]
[White "Sienczewski, Zbigniew"]
[Black "Tsilimparis, Ioannis"]
[Result "1-0"]
[WhiteElo "2039"]
[BlackElo "1637"]
[PlyCount "49"]
[EventDate "2016.09.10"]
[EventType "swiss"]
[EventRounds "7"]
[EventCountry "GRE"]
[SourceTitle "EXT 2024"]
[Source "ChessBase"]
[SourceDate "2023.10.10"]
[SourceVersion "1"]
[SourceVersionDate "2023.10.10"]
[SourceQuality "1"]

1. g3 e6 2. Bg2 d5 3. Nf3 Nf6 4. 0-0 c5 5. c4 Nc6 6. e3 Be7 7. d3 0-0 8. b3 b6 9. Bb2 Bb7 10. Nbd2 Re8 11. Qe2 Bf8 12. Ne5 Nxe5 13. Bxe5 Bd6 14. f4 Qe7 15. Rad1 a6 16. d4 Bc6 17. e4 cxd4 18. Bxd6 Qxd6 19. e5 d3 20. Qf2 Qd8 21. exf6 gxf6 22. Qd4 e5 23. fxe5 fxe5 24. Qg4+ Kf8 25. Qh5 1-0

[Event "Athens Iraklion op 19th"]
[Site "Athens"]
[Date "2016.06.19"]
[Round "2"]
[White "Sienczewski, Zbigniew"]
[Black "Inkiov, Ventzislav"]
[Result "0-1"]
[WhiteElo "2080"]
[BlackElo "2467"]
[PlyCount "116"]
[EventDate "2016.06.18"]
[EventType "swiss"]
[EventRounds "9"]
[EventCountry "GRE"]
[SourceTitle "CBM 173 Extra"]
[Source "ChessBase"]
[SourceDate "2016.08.29"]
[SourceVersion "1"]
[SourceVersionDate "2016.08.29"]
[SourceQuality "1"]

1. Nf3 Nf6 2. g3 d5 3. c4 e6 4. Bg2 c5 5. 0-0 Nc6 6. d3 Be7 7. e3 0-0 8. Qe2 e5 9. Nbd2 e4 10. dxe4 dxe4 11. Ng5 Bg4 12. f3 exf3 13. Bxf3 Qd7 14. Nde4 Bxf3 15. Qxf3 Nxe4 16. Nxe4 Qd3 17. Qf5 Qxc4 18. Bd2 Rad8 19. Bc3 Qe6 20. Qxe6 fxe6 21. Rxf8+ Kxf8 22. a4 b6 23. Kf2 Kf7 24. Ke2 e5 25. g4 Ke6 26. Rf1 a6 27. h4 b5 28. axb5 axb5 29. Ra1 Kd5 30. Ng5 Bxg5 31. hxg5 b4 32. Bd2 e4 33. b3 Ne5 34. Ra5 Rb8 35. Ra7 c4 36. bxc4+ Nxc4 37. Rd7+ Ke6 38. Rd4 b3 39. Rxe4+ Kd5 40. Rd4+ Kc5 41. Bc3 b2 42. Bxb2 Rxb2+ 43. Kf3 Rb7 44. Rd8 Rf7+ 45. Ke4 Re7+ 46. Kf4 Nxe3 47. g6 h6 48. g5 Nd5+ 49. Kf5 hxg5 50. Kxg5 Kd4 51. Rf8 Ke5 52. Rf1 Kd6 53. Ra1 Re2 54. Ra6+ Ke5 55. Kg4 Rg2+ 56. Kf3 Rg5 57. Rc6 Ne7 58. Rc7 Kd6 0-1

[Event "Athens ChessSquare Spring op"]
[Site "Athens"]
[Date "2016.05.21"]
[Round "3"]
[White "Sienczewski, Zbigniew"]
[Black "Papathanasopoulos, Nikolaos"]
[Result "0-1"]
[WhiteElo "2036"]
[BlackElo "1630"]
[PlyCount "102"]
[EventDate "2016.04.23"]
[EventType "swiss"]
[EventRounds "7"]
[EventCountry "GRE"]
[SourceTitle "EXT 2024"]
[Source "ChessBase"]
[SourceDate "2023.10.10"]
[SourceVersion "1"]
[SourceVersionDate "2023.10.10"]
[SourceQuality "1"]

1. c4 e5 2. g3 g6 3. Nc3 Bg7 4. Nf3 Nc6 5. Bg2 d6 6. 0-0 f5 7. d3 Nf6 8. Rb1 a5 9. a3 h6 10. b4 axb4 11. axb4 0-0 12. b5 Ne7 13. Bb2 g5 14. Ra1 Rxa1 15. Qxa1 Be6 16. Nd2 b6 17. Qa7 Qd7 18. Qb7 f4 19. Ra1 Nf5 20. Nd5 Rf7 21. Ra8+ Bf8 22. Nxf6+ Rxf6 23. gxf4 gxf4 24. Bd5 Qg7+ 25. Kf1 Bxd5 26. Qxd5+ Kh7 27. Nf3 Rg6 28. Rc8 Ne7 29. Qb7 Nxc8 30. Qxc8 Qe7 31. Qf5 Qe6 32. Qe4 Be7 33. Ke1 h5 34. Qc6 Bd8 35. h4 Kh6 36. Qe4 Rg4 37. Qa8 Bxh4 38. Qh8+ Kg6 39. Bxe5 dxe5 40. Nxe5+ Kf5 41. Nxg4 Kxg4 42. Qg7+ Kh3 43. Qxc7 f3 44. e4 Qh6 45. Qc8+ Kh2 46. Kd1 Bxf2 47. Qf5 Qe3 48. e5 Qe2+ 49. Kc1 Be3+ 50. Kb1 Qd1+ 51. Ka2 Qc2+ 0-1

[Event "Peristeri Christmas op"]
[Site "Peristeri"]
[Date "2015.12.28"]
[Round "5.4"]
[White "Poulos, Georgios"]
[Black "Sienczewski, Zbigniew"]
[Result "1/2-1/2"]
[WhiteElo "1961"]
[BlackElo "2026"]
[PlyCount "44"]
[EventDate "2015.12.22"]
[EventType "swiss"]
[EventRounds "7"]
[EventCountry "GRE"]
[SourceTitle "EXT 2024"]
[Source "ChessBase"]
[SourceDate "2023.10.10"]
[SourceVersion "1"]
[SourceVersionDate "2023.10.10"]
[SourceQuality "1"]

1. e4 d6 2. d4 g6 3. Nc3 Bg7 4. Nf3 Nf6 5. Bg5 0-0 6. Qd2 c6 7. Bd3 Bg4 8. Qf4 Bxf3 9. Qxf3 Qb6 10. Ne2 Qxb2 11. 0-0 Qa3 12. Rfb1 Nbd7 13. Bd2 b5 14. Bb4 Qa4 15. c4 a5 16. Nc3 Qxb4 17. Rxb4 axb4 18. Ne2 c5 19. cxb5 Ra3 20. e5 dxe5 21. dxc5 Nxc5 22. Qc6 Nxd3 1/2-1/2

[Event "Athens ChessSquare Celebration op"]
[Site "Athens"]
[Date "2015.12.12"]
[Round "6"]
[White "Tsiros, Fragkiskos Vlasios"]
[Black "Sienczewski, Zbigniew"]
[Result "1/2-1/2"]
[WhiteElo "2156"]
[BlackElo "2062"]
[PlyCount "70"]
[EventDate "2015.11.07"]
[EventType "swiss"]
[EventRounds "7"]
[EventCountry "GRE"]
[SourceTitle "EXT 2024"]
[Source "ChessBase"]
[SourceDate "2023.10.10"]
[SourceVersion "1"]
[SourceVersionDate "2023.10.10"]
[SourceQuality "1"]

1. Nf3 g6 2. c4 c5 3. g3 Bg7 4. d4 cxd4 5. Nxd4 Nc6 6. Nc2 d6 7. Bg2 Nf6 8. Nc3 0-0 9. 0-0 Be6 10. b3 Qd7 11. Bb2 Bh3 12. Rb1 Bxg2 13. Kxg2 Rac8 14. e4 Qg4 15. f3 Qh5 16. Ne3 a6 17. Ncd5 Nxd5 18. exd5 Ne5 19. Qd4 Bf6 20. Qe4 Nd7 21. g4 Qh4 22. Bc1 Nc5 23. Qc2 b5 24. Qe2 bxc4 25. Nxc4 Rfe8 26. Be3 Nd7 27. f4 Bg7 28. Rbd1 h5 29. g5 f6 30. Bd4 Qg4+ 31. Qxg4 hxg4 32. gxf6 Bxf6 33. Rfe1 Bxd4 34. Rxd4 Nf6 35. Kg3 Kf7 1/2-1/2

[Event "Nikaia op 23rd"]
[Site "Nikaia"]
[Date "2015.09.01"]
[Round "6"]
[White "Sienczewski, Zbigniew"]
[Black "Katopodis, Dimitrios"]
[Result "1-0"]
[WhiteElo "2048"]
[BlackElo "1905"]
[PlyCount "73"]
[EventDate "2015.08.26"]
[EventType "swiss"]
[EventRounds "9"]
[EventCountry "GRE"]
[SourceTitle "EXT 2016"]
[Source "ChessBase"]
[SourceDate "2015.10.08"]
[SourceVersion "1"]
[SourceVersionDate "2015.10.08"]
[SourceQuality "1"]

1. c4 c6 2. Nf3 d5 3. g3 Nf6 4. Bg2 Bg4 5. 0-0 e6 6. b3 Nbd7 7. Bb2 Be7 8. d3 0-0 9. Nbd2 a5 10. a3 Re8 11. h3 Bxf3 12. Nxf3 Bd6 13. Qc2 e5 14. Nd2 Qe7 15. e3 Nc5 16. d4 exd4 17. Bxd4 Nce4 18. cxd5 cxd5 19. a4 Rac8 20. Qd3 Bb4 21. Nf3 Rc7 22. Rac1 Rec8 23. Rxc7 Qxc7 24. Bxf6 Nxf6 25. Nd4 Qd7 26. Nb5 Qe6 27. Rd1 g6 28. Bxd5 Qxh3 29. Bxb7 Ng4 30. Bg2 Qh2+ 31. Kf1 Re8 32. Qc4 h5 33. Qf4 Rc8 34. Nd4 Rd8 35. Rc1 Bd6 36. Qg5 Re8 37. Nf3 1-0

[Event "Ambelokipi op 154th"]
[Site "Athens"]
[Date "2015.07.06"]
[Round "5"]
[White "Sienczewski, Zbigniew"]
[Black "Gripeos, Kiriakos"]
[Result "1-0"]
[WhiteElo "1965"]
[BlackElo "2023"]
[PlyCount "130"]
[EventDate "2015.06.29"]
[EventType "swiss"]
[EventRounds "7"]
[EventCountry "GRE"]
[SourceTitle "EXT 2024"]
[Source "ChessBase"]
[SourceDate "2023.10.10"]
[SourceVersion "1"]
[SourceVersionDate "2023.10.10"]
[SourceQuality "1"]

1. g3 g6 2. Bg2 Bg7 3. c4 e5 4. Nc3 Nc6 5. Nf3 f5 6. 0-0 Nf6 7. d3 0-0 8. Rb1 a5 9. a3 d6 10. b4 axb4 11. axb4 Nh5 12. b5 Ne7 13. Bb2 f4 14. Ne4 fxg3 15. hxg3 Nf6 16. Nxf6+ Bxf6 17. Qb3 h5 18. Ra1 Rxa1 19. Rxa1 h4 20. gxh4 Nf5 21. c5+ Kh7 22. b6 c6 23. cxd6 Nxh4 24. Nxe5 Qxd6 25. d4 Nxg2 26. Kxg2 Bxe5 27. dxe5 Qe6 28. Qxe6 Bxe6 29. f3 Rd8 30. Ra7 Rd7 31. Ba3 Bd5 32. Bd6 c5 33. Bxc5 Kg7 34. Ra8 Rf7 35. Kg3 Bc4 36. f4 Bd5 37. e3 Rd7 38. Bd6 Bc6 39. Ra1 Kf7 40. Ra8 Ke6 41. Re8+ Kf7 42. Rf8+ Kg7 43. Rc8 Bd5 44. Rc5 Be4 45. Rc4 Bd5 46. Rd4 Be6 47. Rd2 Bf5 48. e4 Be6 49. Kh4 Rd8 50. Kg3 Rh8 51. Be7 Rh3+ 52. Kg2 Re3 53. Bf6+ Kf7 54. Rc2 Rxe4 55. Rc7+ Kf8 56. Rxb7 Bd5 57. Rb8+ Kf7 58. Kg3 Rb4 59. Rd8 Rb3+ 60. Kf2 Be4 61. Rd6 Bf5 62. Bg5 Be6 63. Ke2 Bf5 64. Kd2 Be6 65. Bd8 Rh3 1-0

[Event "Mem Spyros Bikos 1st"]
[Site "Ilioupolis"]
[Date "2014.09.20"]
[Round "5"]
[White "Sienczewski, Zbigniew"]
[Black "Sakaridis, Emmanouil"]
[Result "1/2-1/2"]
[WhiteElo "2026"]
[BlackElo "1912"]
[PlyCount "101"]
[EventDate "2014.09.13"]
[EventType "swiss"]
[EventRounds "6"]
[EventCountry "GRE"]
[SourceTitle "EXT 2024"]
[Source "ChessBase"]
[SourceDate "2023.10.10"]
[SourceVersion "1"]
[SourceVersionDate "2023.10.10"]
[SourceQuality "1"]

1. c4 e6 2. g3 d5 3. Bg2 Nf6 4. Nf3 Be7 5. 0-0 0-0 6. b3 b6 7. Bb2 Bb7 8. d3 Qd7 9. Nbd2 a5 10. e3 a4 11. Qc2 c5 12. Rfd1 Qc7 13. Rac1 Rc8 14. Qb1 Nbd7 15. d4 h6 16. cxd5 Nxd5 17. Nc4 N5f6 18. Nfe5 Bxg2 19. Kxg2 Qb7+ 20. Kg1 b5 21. Nxd7 Nxd7 22. Nd2 axb3 23. axb3 cxd4 24. Bxd4 Rxc1 25. Rxc1 Rc8 26. Rxc8+ Qxc8 27. Qd3 Bf6 28. Ne4 Bxd4 29. Qxd4 Qc1+ 30. Kg2 Qc6 31. f3 Qc2+ 32. Qd2 Qc6 33. Qc3 Qxc3 34. Nxc3 Nc5 35. b4 Na6 36. Na2 Kf8 37. Kf2 Ke7 38. e4 e5 39. Ke3 Kd6 40. Kd3 g5 41. Ke3 Ke6 42. g4 Nb8 43. Nc3 Nc6 44. Nd5 Nb8 45. Kf2 f6 46. h3 Kf7 47. Kg3 Kg7 48. Kh2 Nd7 49. Kg2 Kf7 50. Ne3 Nb8 51. Nc2 1/2-1/2

[Event "Nikaia op 22nd"]
[Site "Nikaia"]
[Date "2014.09.01"]
[Round "8"]
[White "Sienczewski, Zbigniew"]
[Black "Skaperdas, Kostantinos"]
[Result "1/2-1/2"]
[WhiteElo "2040"]
[BlackElo "2102"]
[PlyCount "95"]
[EventDate "2014.08.26"]
[EventType "swiss"]
[EventRounds "9"]
[EventCountry "GRE"]
[SourceTitle "CBM 162 Extra"]
[Source "ChessBase"]
[SourceDate "2014.10.17"]
[SourceVersion "1"]
[SourceVersionDate "2014.10.17"]
[SourceQuality "1"]

1. g3 g6 2. Bg2 Bg7 3. Nf3 c5 4. c4 Nc6 5. Nc3 e6 6. 0-0 Nge7 7. e3 Nf5 8. e4 Nfd4 9. Nxd4 Nxd4 10. Rb1 0-0 11. d3 b6 12. b4 cxb4 13. Rxb4 Bb7 14. Nb5 d6 15. Be3 Nxb5 16. Rxb5 Qd7 17. Qd2 Bc6 18. Rbb1 d5 19. cxd5 exd5 20. Bh6 Bxh6 21. Qxh6 dxe4 22. dxe4 Qe6 23. Rbc1 Bb5 24. Rfd1 Qxa2 25. Rd5 Qb2 26. h4 Rac8 27. Rcd1 Ba4 28. R1d2 Qa1+ 29. Kh2 Bb3 30. Rd6 Be6 31. Qf4 Qg7 32. Bf1 h5 33. Ba6 Rb8 34. Bb5 Kh7 35. Bd7 Bc4 36. Bc6 b5 37. Rd7 Rb6 38. Bd5 Bxd5 39. exd5 b4 40. Rxa7 b3 41. Rd1 b2 42. Rb1 Kg8 43. Rc7 Rd8 44. Qc4 Qf6 45. Qc5 Rb3 46. Rc8 Rxc8 47. Qxc8+ Kh7 48. Qc2 1/2-1/2

[Event "Nikaia op 22nd"]
[Site "Nikaia"]
[Date "2014.08.29"]
[Round "4"]
[White "Kalofonos, Panayotis"]
[Black "Sienczewski, Zbigniew"]
[Result "1/2-1/2"]
[WhiteElo "1843"]
[BlackElo "2040"]
[PlyCount "23"]
[EventDate "2014.08.26"]
[EventType "swiss"]
[EventRounds "9"]
[EventCountry "GRE"]
[SourceTitle "CBM 162 Extra"]
[Source "ChessBase"]
[SourceDate "2014.10.17"]
[SourceVersion "1"]
[SourceVersionDate "2014.10.17"]
[SourceQuality "1"]

1. e4 d6 2. d4 Nf6 3. Nc3 g6 4. f4 Bg7 5. Nf3 0-0 6. Bd3 Na6 7. 0-0 c5 8. d5 Nb4 9. Bc4 e6 10. dxe6 Bxe6 11. Bxe6 fxe6 12. a3 1/2-1/2

[Event "Nikaia op 22nd"]
[Site "Nikaia"]
[Date "2014.08.28"]
[Round "3"]
[White "Sienczewski, Zbigniew"]
[Black "Ropokis, Dimitrios"]
[Result "1-0"]
[WhiteElo "2040"]
[BlackElo "1678"]
[PlyCount "79"]
[EventDate "2014.08.26"]
[EventType "swiss"]
[EventRounds "9"]
[EventCountry "GRE"]
[SourceTitle "CBM 162 Extra"]
[Source "ChessBase"]
[SourceDate "2014.10.17"]
[SourceVersion "1"]
[SourceVersionDate "2014.10.17"]
[SourceQuality "1"]

1. g3 d5 2. Bg2 Bf5 3. c4 e6 4. cxd5 exd5 5. Qb3 Be4 6. Bxe4 dxe4 7. Qxb7 Nd7 8. Qxe4+ Be7 9. Nf3 Ngf6 10. Qc2 c5 11. 0-0 0-0 12. d3 h6 13. Nbd2 Nb6 14. Nc4 Nbd5 15. b3 Nb4 16. Qd2 Nfd5 17. Bb2 a5 18. Nfe5 Bg5 19. f4 Bf6 20. a3 Bxe5 21. Nxe5 Na6 22. Rab1 Ne7 23. Qc3 f6 24. Qc4+ Kh7 25. Qe4+ f5 26. Qc4 Nd5 27. Rf3 Qd6 28. e4 Nb6 29. Qc3 Nc7 30. Nc4 Qg6 31. Nxb6 Ra6 32. Nd7 Rd8 33. Ne5 Qh5 34. Rbf1 fxe4 35. dxe4 Ne6 36. Qc4 Rad6 37. R3f2 Nd4 38. Bxd4 Rxd4 39. Qf7 Qh3 40. Qf5+ 1-0

[Event "Aegean op 37th"]
[Site "Aghios Kirykos"]
[Date "2014.07.14"]
[Round "4"]
[White "Lazaridis, Stavros"]
[Black "Sienczewski, Zbigniew"]
[Result "1/2-1/2"]
[WhiteElo "2060"]
[BlackElo "2060"]
[PlyCount "69"]
[EventDate "2014.07.12"]
[EventType "swiss"]
[EventRounds "9"]
[EventCountry "GRE"]
[SourceTitle "CBM 161 Extra"]
[Source "ChessBase"]
[SourceDate "2014.08.29"]
[SourceVersion "1"]
[SourceVersionDate "2014.08.29"]
[SourceQuality "1"]

1. e4 d6 2. Bc4 Nf6 3. Qe2 c6 4. Bb3 g6 5. d4 Bg7 6. e5 Nd5 7. h3 0-0 8. Nf3 a5 9. a4 Na6 10. 0-0 Nac7 11. Rd1 Ne6 12. Qe4 Bd7 13. Qh4 f6 14. Nbd2 g5 15. Qg3 Ndf4 16. Re1 d5 17. exf6 exf6 18. Nf1 Qb6 19. Bxf4 Nxf4 20. Re7 Rae8 21. Rae1 Qd8 22. R7e3 Rxe3 23. fxe3 Ng6 24. e4 Kh8 25. exd5 cxd5 26. Qd6 Bc6 27. Qxd8 Rxd8 28. c3 Bf8 29. Ng3 Kg7 30. Nf5+ Kf7 31. g3 Ne7 32. Ne3 h6 33. h4 Bg7 34. hxg5 hxg5 35. Kf2 1/2-1/2

[Event "Ambelokipi op 146th"]
[Site "Athens"]
[Date "2014.07.07"]
[Round "5"]
[White "Nikolaou, Georgios"]
[Black "Sienczewski, Zbigniew"]
[Result "1-0"]
[WhiteElo "2317"]
[BlackElo "2041"]
[PlyCount "81"]
[EventDate "2014.06.30"]
[EventType "swiss"]
[EventRounds "7"]
[EventCountry "GRE"]
[SourceTitle "EXT 2016"]
[Source "ChessBase"]
[SourceDate "2015.10.08"]
[SourceVersion "1"]
[SourceVersionDate "2015.10.08"]
[SourceQuality "1"]

1. Nf3 g6 2. c4 c5 3. g3 Bg7 4. Bg2 Nc6 5. Nc3 e6 6. d3 Nge7 7. Bg5 h6 8. Bd2 0-0 9. Rb1 b6 10. Qc1 Kh7 11. a3 Bb7 12. 0-0 d5 13. b4 cxb4 14. axb4 Rc8 15. c5 bxc5 16. bxc5 Qd7 17. Qa3 Ba8 18. Nb5 Rb8 19. d4 Nf5 20. Bf4 Ncxd4 21. Nfxd4 Nxd4 22. Nxd4 Rxb1 23. Rxb1 Bxd4 24. c6 Qc8 25. c7 Bb6 26. Qe7 Qe8 27. Qf6 Bb7 28. h4 Rg8 29. Be5 g5 30. h5 g4 31. Rc1 Bc8 32. e3 Rg5 33. Bf1 Rxe5 34. Qxe5 Qe7 35. Bd3+ Kg8 36. Ba6 f6 37. Qa1 Bxa6 38. Qxa6 Bxc7 39. Qc8+ Bd8 40. Rb1 Qc7 41. Rb8 1-0

[Event "Ambelokipi op 145th"]
[Site "Athens"]
[Date "2014.06.28"]
[Round "7"]
[White "Nemtsas, Hristoforos"]
[Black "Sienczewski, Zbigniew"]
[Result "0-1"]
[WhiteElo "1914"]
[BlackElo "2071"]
[PlyCount "98"]
[EventDate "2014.05.10"]
[EventType "swiss"]
[EventRounds "7"]
[EventCountry "GRE"]
[SourceTitle "EXT 2016"]
[Source "ChessBase"]
[SourceDate "2015.10.08"]
[SourceVersion "1"]
[SourceVersionDate "2015.10.08"]
[SourceQuality "1"]

1. d4 g6 2. c4 Bg7 3. e4 c5 4. d5 d6 5. h3 Nf6 6. Nc3 0-0 7. Nf3 Nbd7 8. Be3 b5 9. cxb5 a6 10. bxa6 Bxa6 11. Bxa6 Rxa6 12. 0-0 Qa8 13. Qc2 Rc8 14. Nd2 Nb6 15. a4 Nfd7 16. Rfb1 Bxc3 17. bxc3 Rxa4 18. Rxa4 Qxa4 19. Qxa4 Nxa4 20. Rb7 Nab6 21. f4 Kf8 22. c4 Rb8 23. Ra7 f6 24. Kf2 Ke8 25. g4 Nc8 26. Ra6 Rb2 27. Ke2 Ncb6 28. Kd3 Rb4 29. h4 h5 30. g5 f5 31. exf5 gxf5 32. Ra3 Nf8 33. Bf2 Ng6 34. Bg3 Kd7 35. Rb3 Rxb3+ 36. Nxb3 e6 37. dxe6+ Kxe6 38. Kc3 Na4+ 39. Kd3 d5 40. cxd5+ Kxd5 41. Na5 c4+ 42. Ke3 Nc5 43. Be1 Ne4 44. Nb7 c3 45. Nd8 c2 46. Bd2 Nxf4 47. Bc1 Ng6 48. Kf3 Nxh4+ 49. Kf4 Nd6 0-1

[Event "Athens Iraklion op 17th"]
[Site "Athens"]
[Date "2014.06.21"]
[Round "8"]
[White "Sienczewski, Zbigniew"]
[Black "Fessas, Prokopios"]
[Result "1-0"]
[WhiteElo "2041"]
[BlackElo "1994"]
[PlyCount "135"]
[EventDate "2014.06.14"]
[EventType "swiss"]
[EventRounds "9"]
[EventCountry "GRE"]
[SourceTitle "EXT 2015"]
[Source "ChessBase"]
[SourceDate "2014.11.20"]
[SourceVersion "1"]
[SourceVersionDate "2014.11.20"]
[SourceQuality "1"]

1. Nf3 d5 2. g3 Nf6 3. Bg2 Bg4 4. c4 Bxf3 5. Bxf3 c6 6. 0-0 e6 7. Qc2 Be7 8. b3 0-0 9. Bb2 Nbd7 10. d3 a5 11. a3 Qb6 12. e3 Rfc8 13. Nd2 Qd8 14. Rfd1 Ne8 15. Rac1 Bf6 16. Bxf6 Nexf6 17. c5 Qc7 18. d4 Re8 19. Bg2 e5 20. dxe5 Nxe5 21. Nf3 Nxf3+ 22. Bxf3 Re7 23. Rd4 g6 24. Ra4 Ree8 25. h4 h5 26. Kg2 Qd8 27. Rd1 Qc7 28. Rf4 Nd7 29. Rdd4 Nf8 30. Rd1 Ne6 31. Ra4 Qe7 32. b4 axb4 33. axb4 Nc7 34. Rda1 Rxa4 35. Qxa4 Qe5 36. Qd1 Na6 37. Rb1 Qc3 38. Rb3 Qe5 39. Qc2 Nc7 40. Be2 Ra8 41. Bd3 Kg7 42. Qb2 Qxb2 43. Rxb2 Ne6 44. Kf3 Ra3 45. Ke2 f6 46. Kd2 g5 47. Kc2 gxh4 48. gxh4 d4 49. Rb3 Ra1 50. Rb1 Ra7 51. Bc4 Nc7 52. exd4 Nd5 53. Bxd5 cxd5 54. b5 Kg6 55. Kc3 Kf5 56. b6 Ra8 57. c6 bxc6 58. Kb4 Kg4 59. Kc5 Kxh4 60. b7 Rb8 61. Kxc6 Kg4 62. Kc7 Rxb7+ 63. Kxb7 Kf3 64. Rh1 Ke4 65. Rh4+ Kf3 66. Rxh5 Kxf2 67. Kc6 Ke3 68. Kxd5 1-0

[Event "Athens Iraklion op 17th"]
[Site "Athens"]
[Date "2014.06.18"]
[Round "5"]
[White "Ponirakis, Dimitrios"]
[Black "Sienczewski, Zbigniew"]
[Result "0-1"]
[WhiteElo "1999"]
[BlackElo "2041"]
[PlyCount "98"]
[EventDate "2014.06.14"]
[EventType "swiss"]
[EventRounds "9"]
[EventCountry "GRE"]
[SourceTitle "EXT 2015"]
[Source "ChessBase"]
[SourceDate "2014.11.20"]
[SourceVersion "1"]
[SourceVersionDate "2014.11.20"]
[SourceQuality "1"]

1. e4 d6 2. d4 Nf6 3. Nc3 g6 4. Nf3 Bg7 5. h3 0-0 6. Be3 a6 7. a4 b6 8. Bd3 e6 9. 0-0 Bb7 10. Qd2 Nc6 11. Rad1 Nb4 12. Rfe1 Nxd3 13. Qxd3 Qd7 14. d5 e5 15. g4 Nxg4 16. Nh2 Nxh2 17. Kxh2 f5 18. f3 fxe4 19. Qxe4 Bc8 20. Qg4 Qf7 21. Qg2 Qxf3 22. Ne4 Bd7 23. b3 Qxg2+ 24. Kxg2 Bf5 25. Nd2 Rf7 26. c4 a5 27. Bg5 h6 28. Bh4 Raf8 29. Bg3 g5 30. Re3 Kh7 31. Rde1 Kg6 32. Ne4 Bxe4+ 33. Rxe4 Rf3 34. R4e3 Rxe3 35. Rxe3 h5 36. Re4 Bf6 37. Bh2 Kf5 38. Kf3 Rg8 39. Re2 g4+ 40. hxg4+ hxg4+ 41. Kg2 Bg5 42. Bg3 Rh8 43. Bh2 Rh3 44. Rb2 Bf4 45. Bg1 Rd3 46. Bf2 g3 47. Bg1 Kg4 48. b4 axb4 49. c5 dxc5 0-1